<?xml version="1.0" encoding="UTF-8"?>
<record
    xmlns:xsi="http://www.w3.org/2001/XMLSchema-instance"
    xsi:schemaLocation="http://www.loc.gov/MARC21/slim http://www.loc.gov/standards/marcxml/schema/MARC21slim.xsd"
    xmlns="http://www.loc.gov/MARC21/slim">

  <leader>03356nam a2200553Ia 4500</leader>
  <controlfield tag="001">3080</controlfield>
  <controlfield tag="008">241029s9999    xx            000 0 und d</controlfield>
  <datafield tag="010" ind1=" " ind2=" ">
    <subfield code="a">2890</subfield>
  </datafield>
  <datafield tag="041" ind1=" " ind2=" ">
    <subfield code="a">Espa&#xF1;ol</subfield>
  </datafield>
  <datafield tag="082" ind1=" " ind2=" ">
    <subfield code="a">INTEC // CyH-0038</subfield>
  </datafield>
  <datafield tag="245" ind1=" " ind2="0">
    <subfield code="a">Relaci&#xF3;n entre la capacitaci&#xF3;n del docente y la aplicaci&#xF3;n del curr&#xED;culo de Lengua Espa&#xF1;ola en el 2do. Ciclo del Nivel B&#xE1;sico. Escuela San Vicente de Pa&#xFA;l. Distrito Educativo 10-03. Santo Domingo 2004-2005</subfield>
  </datafield>
  <datafield tag="260" ind1=" " ind2=" ">
    <subfield code="a">Santo Domingo</subfield>
  </datafield>
  <datafield tag="300" ind1=" " ind2=" ">
    <subfield code="a">127</subfield>
  </datafield>
  <datafield tag="520" ind1=" " ind2=" ">
    <subfield code="a">4</subfield>
  </datafield>
  <datafield tag="630" ind1=" " ind2=" ">
    <subfield code="a">Capacitaci&#xF3;n Docente</subfield>
  </datafield>
  <datafield tag="630" ind1=" " ind2=" ">
    <subfield code="a">Curr&#xED;culo</subfield>
  </datafield>
  <datafield tag="630" ind1=" " ind2=" ">
    <subfield code="a">Lenguaje y Lenguas-Ense&#xF1;anza</subfield>
  </datafield>
  <datafield tag="650" ind1=" " ind2=" ">
    <subfield code="a">Lengua Espa&#xF1;ola</subfield>
  </datafield>
  <datafield tag="690" ind1=" " ind2=" ">
    <subfield code="a">Copiado sin cambios</subfield>
  </datafield>
  <datafield tag="700" ind1=" " ind2=" ">
    <subfield code="e">asesor</subfield>
    <subfield code="a">Espinal, Olga</subfield>
  </datafield>
  <datafield tag="700" ind1=" " ind2=" ">
    <subfield code="e">autor</subfield>
    <subfield code="a">Mu&#xF1;oz, Maira</subfield>
  </datafield>
  <datafield tag="700" ind1=" " ind2=" ">
    <subfield code="e">autor</subfield>
    <subfield code="a">Lescaille, Amparo</subfield>
  </datafield>
  <datafield tag="901" ind1=" " ind2=" ">
    <subfield code="a">{"1":"Mu&#xF1;oz","2":"Lescaille"}</subfield>
    <subfield code="b">{"1":"Maira","2":"Amparo"}</subfield>
  </datafield>
  <datafield tag="902" ind1=" " ind2=" ">
    <subfield code="a">1</subfield>
  </datafield>
  <datafield tag="903" ind1=" " ind2=" ">
    <subfield code="a">{"1":"Espinal"}</subfield>
    <subfield code="b">{"1":"Olga"}</subfield>
  </datafield>
  <datafield tag="904" ind1=" " ind2=" ">
    <subfield code="a">Maestr&#xED;a en</subfield>
  </datafield>
  <datafield tag="905" ind1=" " ind2=" ">
    <subfield code="a">Educaci&#xF3;n</subfield>
  </datafield>
  <datafield tag="906" ind1=" " ind2=" ">
    <subfield code="a">2</subfield>
  </datafield>
  <datafield tag="907" ind1=" " ind2=" ">
    <subfield code="a">NO APLICA</subfield>
  </datafield>
  <datafield tag="908" ind1=" " ind2=" ">
    <subfield code="a">NO APLICA</subfield>
  </datafield>
  <datafield tag="909" ind1=" " ind2=" ">
    <subfield code="a">Instituto Tecnol&#xF3;gico de Santo Domingo (INTEC)</subfield>
  </datafield>
  <datafield tag="910" ind1=" " ind2=" ">
    <subfield code="a">NULL</subfield>
    <subfield code="b">NULL</subfield>
  </datafield>
  <datafield tag="911" ind1=" " ind2=" ">
    <subfield code="a">["1"]</subfield>
  </datafield>
  <datafield tag="912" ind1=" " ind2=" ">
    <subfield code="a">NO APLICA</subfield>
  </datafield>
  <datafield tag="913" ind1=" " ind2=" ">
    <subfield code="a">NULL</subfield>
  </datafield>
  <datafield tag="914" ind1=" " ind2=" ">
    <subfield code="a">16 de Agosto de 2007</subfield>
  </datafield>
  <datafield tag="915" ind1=" " ind2=" ">
    <subfield code="a">01/10/14 11:10</subfield>
  </datafield>
  <datafield tag="916" ind1=" " ind2=" ">
    <subfield code="a">NULL</subfield>
  </datafield>
  <datafield tag="917" ind1=" " ind2=" ">
    <subfield code="a">NULL</subfield>
  </datafield>
  <datafield tag="918" ind1=" " ind2=" ">
    <subfield code="a">NO APLICA</subfield>
  </datafield>
  <datafield tag="919" ind1=" " ind2=" ">
    <subfield code="a">["30","52","130"]</subfield>
  </datafield>
  <datafield tag="520" ind1=" " ind2=" ">
    <subfield code="a">El estudio Relaci&#xF3;n entre la Capacitaci&#xF3;ndel Docente y la Aplicaci&#xF3;n del Curr&#xED;culo de Lengua Espa&#xF1;ola en el 2do Ciclo del Nivel B&#xE1;sico de la Escuela San Vicente de Pa&#xFA;l, plantea como objetivo principal la capacitaci&#xF3;n de los maestros de este nivel con la aplicaci&#xF3;n del curr&#xED;culo de Lengua Espa&#xF1;ola.Se plantea que los docentes deben usar los postulados del enfoque funcional y comunicativo con pertinencia; pues han recibido capacitaciones para tales fines; sin embargo, presentan dificultades al abordar el curr&#xED;culo de Lengua Espa&#xF1;ola, a pesar de la capacitaci&#xF3;n recibida. Los maestros denotan deficiencias en cuanto a la aplicaci&#xF3;n de estrategias te&#xF3;ricas-metodol&#xF3;gicas del curr&#xED;culo. Los programas de capacitaci&#xF3;n no han satisfecho las expectativas esperadas porque no tuvieron en cuenta las necesidades, los intereses y el contexto educativo apropiado; adem&#xE1;s, la inexistencia de un seguimiento curricular dificult&#xF3; la apropiaci&#xF3;n de los fines con que fueron planificados.La investigaci&#xF3;n se basa en un enfoque cualitativo en el que se expresan inconvenientes entre el proceso de capacitaci&#xF3;n y la aplicaci&#xF3;n del curr&#xED;culo. Se seleccion&#xF3; el estudio de caso con la intenci&#xF3;n de buscar explicaci&#xF3;n a un hecho particular. El dise&#xF1;o utilizado corresponde al tipo descriptivo.A partir de los resultados se puede inferir que es una necesidad promover proceso de capacitaci&#xF3;n docente en los que se enfaticen espacios que posibiliten la optimizaci&#xF3;n de conocimientos, estrategias, actitudes, necesidades e intereses de los/las maestros/as, tomando como referente el contexto &#xE1;ulico; espacios en los cuales se generen la autorreflexi&#xF3;n, la socializaci&#xF3;n, la investigaci&#xF3;n y la pr&#xE1;ctica; as&#xED; como establecer un proceso de seguimiento curricular eficaz que permita el aprendizaje significativo.</subfield>
  </datafield>
  <datafield tag="921" ind1=" " ind2=" ">
    <subfield code="a">16</subfield>
  </datafield>
  <datafield tag="922" ind1=" " ind2=" ">
    <subfield code="a">16</subfield>
  </datafield>
  <datafield tag="923" ind1=" " ind2=" ">
    <subfield code="a">0</subfield>
  </datafield>
  <datafield tag="924" ind1=" " ind2=" ">
    <subfield code="a">NO APLICA</subfield>
  </datafield>
  <datafield tag="942" ind1=" " ind2=" ">
    <subfield code="c">Tesis</subfield>
  </datafield>
  <datafield tag="999" ind1=" " ind2=" ">
    <subfield code="c">2890</subfield>
    <subfield code="d">2890</subfield>
  </datafield>
</record>
